Normal view
MARC view
Entry Topical Term
001 - CONTROL NUMBER
- control field: 91086
003 - CONTROL NUMBER IDENTIFIER
- control field: BDCtgAUW
005 - DATE AND TIME OF LATEST TRANSACTION
- control field: 20260226161820.0
008 - FIXED-LENGTH DATA ELEMENTS
- fixed length control field: 260226|| aca||aabn | a|a d
040 ## - CATALOGING SOURCE
- Original cataloging agency: BDCtgAUW
- Transcribing agency: BDCtgAUW
150 ## - HEADING--TOPICAL TERM
- Topical term or geographic name entry element: World War, 1939-1945
- Geographic subdivision: Japan
- Geographic subdivision: Hiroshima-shi
670 ## - SOURCE DATA FOUND
- Source citation: Work cat.: (BDCtgAUW)16285: Sheftall, M. G. author 91084, Hiroshima :